Бокситы и другие руды алюминиевой промышленности: труды всесоюзного семинара, август, 1985 г., пос. Савинский, Архангельская обл.

গ্রন্থ-পঞ্জীর বিবরন
সংস্থা লেখক: Академия наук СССР (АН СССР) Институт геологии рудных месторождений, петрографии, минералогии и геохимии (ИГЕМ), Бокситы и другие руды алюминиевой промышленности
অন্যান্য লেখক: Сапожников Д. М. Дмитрий Гаврилович (редактор)
ভাষা:রুশ
প্রকাশিত: Москва, Наука, 1988
বিষয়গুলি:
বিন্যাস: গ্রন্থ
KOHA link:https://koha.lib.tpu.ru/cgi-bin/koha/opac-detail.pl?biblionumber=129544

MARC

LEADER 00000nam0a2200000 4500
001 129544
005 20231031133443.0
010 |a 5020031712 
020 |a RU  |b 89-13 
035 |a (RuTPU)RU\TPU\book\140208 
090 |a 129544 
100 |a 20080124d1988 k a0rusy5003 ca 
101 0 |a rus 
102 |a RU 
105 |a a z 101zy 
200 1 |a Бокситы и другие руды алюминиевой промышленности  |e труды всесоюзного семинара, август, 1985 г., пос. Савинский, Архангельская обл.  |f Академия наук СССР (АН СССР), Институт геологии рудных месторождений, петрографии, минералогии и геохимии (ИГЕМ) ; Бокситы и другие руды алюминиевой промышленности ; под ред. Д. М. Сапожникова 
210 |a Москва  |c Наука  |d 1988 
215 |a 229,[1] с.  |c ил.  |d 22 см  |e Прил. (1 л. ил.) 
320 |a Библиогр. в конце докл. 
610 1 |a алюминиевые руды 
610 1 |a месторождения 
610 1 |a бокситы 
610 1 |a алюминиевая промышленность 
610 1 |a алюминиевое сырье 
610 1 |a геохимическая характеристика 
610 1 |a поиски 
610 1 |a разведка 
675 |a 553.492(082)  |z rus 
702 1 |a Сапожников  |b Д. М.  |g Дмитрий Гаврилович  |4 340 
712 0 2 |a Академия наук СССР (АН СССР)  |b Институт геологии рудных месторождений, петрографии, минералогии и геохимии (ИГЕМ)  |c (Москва)  |2 stltpush  |3 (RuTPU)RU\TPU\col\11398 
712 0 2 |a Бокситы и другие руды алюминиевой промышленности  |c семинар  |e Савинский  |f 1985 
801 0 |a RU  |b RuMRKP  |c 19960705  |g psbo 
801 1 |a RU  |b 63413507  |c 20080124  |g PSBO 
801 2 |a RU  |b 63413507  |c 20090128  |g PSBO 
942 |c BK